Journal of vascular diagnostics and interventions

Detalles Bibliográficos
Título anterior:Journal of vascular diagnostics
Formato: Electrónico Revista
Lenguaje:inglés
Publicado: [Auckland] : Dovepress, [2016]-
Materias:
Acceso en línea:Full text available from Research Library: 01/01/2013 to present

MARC

LEADER 00000nas a2200000 i 4500
001 ssj0001765456
003 WaSeSS
005 20200512172242.0
006 m d
007 cr n
008 160331c20169999nz uu p s 0 0eng c
010 |a  2017243065 
016 7 |a 101695074  |2 DNLM 
022 |a 2463-5618  |l 2463-5618 
035 |a (WaSeSS)ssj0001765456 
040 |a NZ1  |b eng  |e pn  |c NZ1  |d CUS  |d OCLCF  |d NLM  |d OCLCO  |d OCLCQ  |d OCLCA  |d WaSeSS 
042 |a nznb  |a pcc 
050 4 |a RC691.5 
060 0 0 |a W1 
082 0 4 |a 616.13075005  |2 23 
210 1 |a J. vasc. diagn. interv. 
222 0 |a Journal of vascular diagnostics and interventions 
245 0 0 |a Journal of vascular diagnostics and interventions  |h [electronic resource]. 
260 |a [Auckland] :  |b Dovepress,  |c [2016]- 
347 |3 National Library of New Zealand archived copy  |a text file  |b PDF  |2 rda 
362 1 |a Began with 2016:4. 
506 |a License restrictions may limit access. 
515 |a Articles added as received to volume in progress. 
540 |a Licensed under Creative Commons BY NC 3.0  |u http://creativecommons.org/licenses/by-nc/3.0/nz 
588 |a Description based on: 2016:4; title from PDF caption (viewed on May 3, 2016). 
588 |a Latest issue consulted: 2017:5 (viewed on Mar. 14, 2017). 
650 0 |a Blood-vessels  |x Diseases  |x Diagnosis  |v Periodicals. 
650 0 |a Diagnosis, Noninvasive  |v Periodicals. 
650 2 |a Vascular Diseases. 
650 2 |a Vascular Diseases  |x diagnosis. 
650 7 |a Blood-vessels  |x Diseases  |x Diagnosis.  |2 fast  |0 (OCoLC)fst00834844 
650 7 |a Diagnosis, Noninvasive.  |2 fast  |0 (OCoLC)fst00892326 
655 0 |a Electronic journals. 
780 0 0 |t Journal of vascular diagnostics  |x 2324-3430  |w (DLC) 2015243448  |w (OCoLC)885828370 
856 4 0 |z Full text available from Research Library: 01/01/2013 to present  |u https://search.proquest.com/publication/3933401